Everyday inventions / (Record no. 10061)

MARC details
000 -LEADER
fixed length control field 00915nam a22002657a 4500
001 - CONTROL NUMBER
control field 10061
003 - CONTROL NUMBER IDENTIFIER
control field FISKH
005 - DATE AND TIME OF LATEST TRANSACTION
control field 20260402144329.0
008 - FIXED-LENGTH DATA ELEMENTS--GENERAL INFORMATION
fixed length control field 260402b cb ||||| |||| 00| 0 eng d
040 ## - CATALOGING SOURCE
Original cataloging agency FISKH
Language of cataloging eng
Transcribing agency FISKH
Modifying agency FISKH
050 ## - LIBRARY OF CONGRESS CALL NUMBER
Classification number T15 .H73
082 ## - DEWEY DECIMAL CLASSIFICATION NUMBER
Classification number 609
100 ## - MAIN ENTRY--PERSONAL NAME
Personal name Hooper, Meredith
245 ## - TITLE STATEMENT
Title Everyday inventions /
Statement of responsibility, etc. Cover illustrations by Geoff Hocking ; Text illustrations by Robin Lawrie
250 ## - EDITION STATEMENT
Edition statement This edition published in 1975
260 ## - PUBLICATION, DISTRIBUTION, ETC.
Place of publication, distribution, etc. London :
Name of publisher, distributor, etc. A Piccolo Book,
Date of publication, distribution, etc. 1972
300 ## - PHYSICAL DESCRIPTION
Extent 144 pages ;
Other physical details illustrations ;
Dimensions 20 cm
505 ## - FORMATTED CONTENTS NOTE
Formatted contents note O<br/>
520 ## - SUMMARY, ETC.
Summary, etc. Presents the history of thirty-three inventions such as the zipper, typewriter, and barbed wire that have had great impact on the world.
521 8# - TARGET AUDIENCE NOTE
Target audience note 608<br/>
Source Lexile estimate<br/>
521 8# - TARGET AUDIENCE NOTE
Target audience note O<br/>
Source Raz-Plus<br/>
650 ## - SUBJECT ADDED ENTRY--TOPICAL TERM
Topical term or geographic name entry element History of Technology
Form subdivision Non-fiction
General subdivision Science
942 ## - ADDED ENTRY ELEMENTS (KOHA)
Source of classification or shelving scheme Dewey Decimal Classification
Koha item type Books
Suppress in OPAC No
Holdings
Withdrawn status Lost status Source of classification or shelving scheme Damaged status Not for loan Collection Home library Current library Shelving location Date acquired Total Checkouts Full call number Barcode Date last seen Copy number Price effective from Koha item type
    Dewey Decimal Classification     Non-Fiction Footprints International School Library Network Toul Tom Poung Campus Footprints International School Library Network Toul Tom Poung Campus TTP Primary Yellow Bookshelves 04/02/2026   HOO 609 T15 .H73 FIS01113 04/02/2026 1 04/02/2026 Books